Loading...

Glance to islamic history.

Bibliographic Details
Main Author: Maniamma, T.
Format: Printed Book
Published: Pathanamthitta : Devi publications, 2004.
Subjects:
LEADER 00458nam a22001337a 4500
082 |a 297.09   |b MAN/G 
100 |a Maniamma, T. 
245 |a Glance to islamic history.  |c Maniamma T. 
260 |a Pathanamthitta :  |b Devi publications,  |c 2004. 
300 |a 97p. : 
650 |a Islamic History 
942 |c BK 
999 |c 316052  |d 316052 
952 |0 0  |1 0  |4 0  |6 297_090000000000000_MAN_G  |7 0  |8 NFIC  |9 338048  |a SAN  |b SAN  |c GEN  |d 2020-12-02  |l 0  |o 297.09 MAN/G  |p SAN14171  |r 2020-12-02  |w 2020-12-02  |y BK